LEADER 01380nam2-2200385---450- 001 990003534230203316 005 20110527101056.0 010 $a978-88-348-1723-0$brilegato 035 $a000353423 035 $aUSA01000353423 035 $a(ALEPH)000353423USA01 035 $a000353423 100 $a20110527d2011----km-y0itay0103----ba 101 $aita 102 $aIT 105 $a||||||||001yy 200 1 $a<><> procedimenti speciali di cognizione, l'efficacia delle sentenze straniere, l'arbitrato, la mediazione$fCrisanto Mandrioli 205 $a21. ed. aggiornata$fa cura di Antonio Carratta 210 $aTorino$cGiappichelli$d2011 215 $aXIV, 476 p.$d24 cm 461 0$1001000353415$12001$aDiritto processuale civile 606 0 $aDiritto processuale civile$2BNCF 676 $a347.4505 700 1$aMANDRIOLI,$bCrisanto$0227204 801 0$aIT$bsalbc$gISBD 912 $a990003534230203316 951 $aXXVII.1.B. 385 3$b71260 G.$cXXVII.1.B. 385/$d00296878 959 $aBK 969 $aGIU 979 $aFIORELLA$b90$c20110527$lUSA01$h0941 979 $aFIORELLA$b90$c20110527$lUSA01$h0941 979 $aFIORELLA$b90$c20110527$lUSA01$h0950 979 $aFIORELLA$b90$c20110527$lUSA01$h1010 996 $aProcedimenti speciali di cognizione, l'efficacia delle sentenze straniere, l'arbitrato, la mediazione$967061 997 $aUNISA